000 00502nam a2200169Ia 4500
008 220216s9999 xx 000 0 und d
100 _aDey S K
245 0 _aSink source relationship in rubber (Hevea brasiliensis) in different months in the North East Indian climatic conditions
260 _bIndian Journal of Plant Physiology
_c2003
300 _a74-80
650 _aHevea brasiliensis
650 _aSaccharides
650 _aSink
650 _aSource
650 _aTemperature
942 _cJS
999 _c68748
_d68748